[Event "Niedersachsen-ch op C"]
[Site "Verden"]
[Date "2018.01.06"]
[Round "6"]
[White "Glander, Flurina"]
[Black "Tyben, Lukas"]
[Result "1/2-1/2"]
[WhiteElo "765"]
[BlackElo "1015"]
[PlyCount "87"]
[EventDate "2018.01.04"]
[EventType "swiss"]
[EventRounds "7"]
[EventCountry "GER"]
[SourceTitle "EXT 2022"]
[Source "ChessBase"]
[SourceDate "2021.10.06"]
[SourceVersion "1"]
[SourceVersionDate "2021.10.06"]
[SourceQuality "1"]

1. e4 e6 2. d4 d5 3. exd5 exd5 4. Bd3 Bd6 5. Nf3 Nc6 6. 0-0 Nge7 7. Nc3 Be6 8. Be3 Nf5 9. Re1 Nxe3 10. Rxe3 0-0 11. Re1 Re8 12. Qd2 h6 13. Rad1 Qf6 14. Be2 a6 15. Na4 Bf5 16. Bd3 Bxd3 17. Qxd3 Rxe1+ 18. Rxe1 Ne7 19. Nc3 c5 20. Nd1 c4 21. Qe2 Nf5 22. c3 Nh4 23. Ne3 Nxf3+ 24. Qxf3 Qxf3 25. gxf3 Re8 26. Ng2 Rxe1+ 27. Nxe1 f5 28. Nc2 f4 29. Nb4 Bxb4 30. cxb4 b5 31. Kg2 g5 32. Kh3 h5 33. Kg2 Kg7 34. h3 Kf6 35. Kh2 Kf5 36. Kg2 g4 37. hxg4+ hxg4 38. fxg4+ Kxg4 39. f3+ Kh4 40. Kh2 Kg5 41. Kh3 Kh5 42. Kh2 Kh4 43. Kg2 Kg5 44. Kh3 1/2-1/2